Chapter 6 By Any Other Name: White-Supremacist Terrorism in the Trump Era (Record no. 37259)
[ view plain ]
| 000 -LEADER | |
|---|---|
| fixed length control field | 00828nam a2200121Ia 4500 |
| 008 - FIXED-LENGTH DATA ELEMENTS--GENERAL INFORMATION | |
| fixed length control field | 220621s9999||||xx |||||||||||||| ||und|| |
| 100 ## - MAIN ENTRY--PERSONAL NAME | |
| Personal name | Bell, Katherine M. |
| 245 #0 - TITLE STATEMENT | |
| Title | Chapter 6 By Any Other Name: White-Supremacist Terrorism in the Trump Era |
| 546 ## - LANGUAGE NOTE | |
| Language note | English[eng] |
| 650 ## - SUBJECT ADDED ENTRY--TOPICAL TERM | |
| Topical term or geographic name entry element | AI Cross||Brian J. Bowe||Carolyn Guniss||Douglas Kellner||Frank Durham||Fred Blevens||Geri Alumit Zeldes||Jennifer Hoewe||Katherine M. Bell||Kathleen Bartzen Culver||LaTasha DeLoach||Leon Barkho||Pam Creedon||Prashanth Bhat||Robert E. Gutsche||Robert E. Pierre||Stephen J. Heidt||US news||communication studies||journalism ethics||media literacy||media studies||persuasion||political communication||politics||propaganda||society |
| 856 ## - ELECTRONIC LOCATION AND ACCESS | |
| Uniform Resource Identifier | <a href="https://library.oapen.org/bitstream/20.500.12657/41402/1/9781138307384_oachapter6.pdf">https://library.oapen.org/bitstream/20.500.12657/41402/1/9781138307384_oachapter6.pdf</a> |
| 942 ## - ADDED ENTRY ELEMENTS (KOHA) | |
| Koha item type | E-Books |
| Withdrawn status | Lost status | Damaged status | Not for loan | Home library | Current library | Date acquired | Total Checkouts | Date last seen | Price effective from | Koha item type |
|---|---|---|---|---|---|---|---|---|---|---|
| Kerala University of Digital Sciences, Innovation and Technology Knowledge Centre | Kerala University of Digital Sciences, Innovation and Technology Knowledge Centre | 21/06/2022 | 21/06/2022 | 21/06/2022 | E-Books |